[Event "Linares zt"]
[Site "Linares"]
[Date "1995.??.??"]
[Round "1"]
[White "Berend, Fred"]
[Black "Van der Sterren, Paul"]
[Result "0-1"]
[WhiteElo "2415"]
[BlackElo "2545"]
[Annotator "Wedberg,T"]
[PlyCount "121"]
[EventDate "1995.11.??"]
[EventType "swiss"]
[EventRounds "11"]
[EventCountry "ESP"]
[SourceTitle "CBM 051"]
[Source "ChessBase"]
[SourceDate "1996.04.01"]
[SourceVersion "1"]
[SourceVersionDate "1996.04.01"]
[SourceQuality "1"]

1. e4 e5 2. Nf3 Nc6 3. Bb5 a6 4. Ba4 Nf6 5. O-O b5 6. Bb3 Bc5 7. Nxe5 Nxe5 8.
d4 Bxd4 9. Qxd4 d6 10. c3 O-O (10... Bb7 11. f3 O-O 12. Rd1 Qe7 $10 {
Stefansson,H-Gausel,E/Reykjavik zt/1995}) (10... c5 11. Qd1 O-O 12. f3 Bb7 13.
a4 Bc6 14. Na3 Re8 $10 {De Firmian,N-Tkachiev,V/New York/1995}) 11. Bg5 (11. a4
) 11... Bb7 12. Nd2 c5 13. Qe3 Qb6 $1 14. h3 (14. Bxf6 Ng4 15. Qg3 Nxf6 16.
Rae1 Rae8 {><e4}) 14... Ned7 15. Rfe1 Rae8 16. Qf4 h6 17. Bxf6 (17. Bh4 $2 g5
$17) 17... Nxf6 18. Re3 d5 19. e5 (19. exd5 c4 20. Rxe8 Rxe8 21. Bc2 Nxd5 $17)
19... d4 20. cxd4 cxd4 21. Rd3 Nh5 22. Qxd4 Qg6 $1 $40 23. Nf3 (23. g3 Nf4 $40)
23... Nf4 24. Qxf4 Qxd3 $17 25. Nd4 Qg6 26. g3 Kh8 27. h4 Rd8 28. Rc1 Qe4 29.
Qxe4 Bxe4 30. Ne2 Bd5 31. Nf4 Bxb3 32. axb3 Rfe8 (32... Rc8 $17) 33. Rc7 Kg8
34. e6 fxe6 35. Nh5 Kf8 $1 36. Rc6 (36. Rxg7 Rd5 $19) (36. Nxg7 Re7 $19) 36...
Rd3 $19 37. Nf4 Rxb3 38. Nxe6+ Kf7 39. Nc5 Rxb2 40. Rxa6 Re1+ 41. Kg2 Ree2 42.
Nd3 Rbd2 43. Kf3 Re6 44. Ra3 Re7 45. Rb3 Rb7 46. Ke3 Rc2 47. f4 Ke6 48. Rb4 Kf5
49. Kf3 Rc4 50. g4+ Kf6 51. Rb1 b4 52. Ne5 Rc3+ 53. Ke4 b3 54. g5+ hxg5 55.
hxg5+ Ke7 56. Kd4 Rc8 57. Kd3 b2 58. Kd2 Ke6 59. Nd3 Rd8 60. Ke2 Rxd3 61. Kxd3
(61. Kxd3 Kf5 62. Ke3 Rb3+ $19) 0-1

[Event "Poikovsky Karpov 05th"]
[Site "Poikovsky"]
[Date "2004.03.20"]
[Round "4"]
[White "Lautier, Joel"]
[Black "Onischuk, Alexander"]
[Result "1/2-1/2"]
[WhiteElo "2676"]
[BlackElo "2652"]
[Annotator "Wedberg,T"]
[PlyCount "46"]
[EventDate "2004.03.17"]
[EventType "tourn"]
[EventRounds "9"]
[EventCountry "RUS"]
[EventCategory "18"]
[SourceTitle "CBM 100"]
[Source "ChessBase"]
[SourceDate "2004.06.01"]
[SourceVersion "1"]
[SourceVersionDate "2004.06.01"]
[SourceQuality "1"]

1. e4 e5 2. Nf3 Nc6 3. Bb5 a6 4. Ba4 Nf6 5. O-O Bc5 6. c3 b5 7. Bc2 d5 8. d4
dxe4 9. Nxe5 Nxe5 10. dxe5 Qxd1 11. Rxd1 Ng4 12. Bxe4 Nxf2 13. Bc6+ Ke7 14. Rd5
Bb6 15. Bg5+ {Svidlers novelty in 2001 that gave him a crushing win over
Grischuk.} (15. Bxa8 Nd3+ $1 16. Kf1 Nxc1 17. Na3 Be6 18. Rxc1 Rxa8 19. Rd3 Bf5
$44 {1/2-1/2 Shirov,A-Onischuk,A/Germany 2000/CBM 74 ext (78)}) 15... f6 16.
exf6+ gxf6 17. Bh4 Ng4+ 18. Kh1 Rb8 19. Nd2 Be6 20. Rh5 Nf2+ $1 {[%mdl 8] An
important improvement relieving the pressure against the black K.} (20... Kf7
21. h3 Ne5 22. Rh6 $1 Ng6 23. Rf1 f5 24. Bg5 Kg7 25. Nf3 Bc4 26. Rd1 $16 {
1-0 Svidler,P-Grischuk,A/Biel 2001/CBM 85/[Wedberg] (33)}) (20... Rbd8 21. Ne4
$40) 21. Bxf2 Bxf2 22. Rf1 (22. Ne4 Rb6 23. Nxf2 Rxc6 $11) 22... Be3 23. Nb3 (
23. Ne4 $5) 23... Rbd8 {Black is almost better here.} 1/2-1/2

[Event "Sigeman & Co 11th"]
[Site "Malmo"]
[Date "2003.05.03"]
[Round "5"]
[White "Ivanchuk, Vassily"]
[Black "Hector, Jonny"]
[Result "1-0"]
[WhiteElo "2704"]
[BlackElo "2553"]
[Annotator "Wedberg,T"]
[PlyCount "117"]
[EventDate "2003.04.29"]
[EventType "tourn"]
[EventRounds "9"]
[EventCountry "SWE"]
[EventCategory "13"]
[SourceTitle "CBM 095"]
[Source "ChessBase"]
[SourceDate "2003.07.25"]
[SourceVersion "1"]
[SourceVersionDate "2003.07.25"]
[SourceQuality "1"]

1. e4 {McShane} e5 2. Nf3 Nc6 3. Bb5 a6 4. Ba4 Nf6 5. O-O b5 6. Bb3 Bb7 7. d3
Bc5 8. Be3 $5 {Quite an unusual move, but is has been tried by Jacov Murey,
which is a recommendation of sorts. McShane: 'Capturing on e3 allows play down
the f-file. Instead White gets a small yet stable edge and it is not easy to
find creative ideas for Black. Infact, I used Ivanchuk's idea to win my game
against Jonny Hector a couple of rounds later.'} d6 (8... Bxe3 {is simply
wrong. White gets an automatic attack on the black K along the f-file.} 9. fxe3
{[%cal Yb3f7,Yf1f7,Yd1e1,Ye1g3,Gf3h4,Gh4f5]}) 9. Bxc5 {[%mdl 28] The logical
follow up. Blacks P-formation is slightly weakened. It´s not the end of the
world for Black, but it´s something for White to probe long into the endgame.}
({Murey allowed the exchange of Bb3 with:} 9. Nc3 Bxe3 10. fxe3 Na5 $1 {
and Black was OK in 1/2-1/2 Murey,J-Beliavsky,A/Graz 1996/CBM 58/[Beliavsky] 
(71)}) 9... dxc5 10. c3 O-O 11. Qe2 Qd6 12. Nbd2 Rad8 (12... Ne7 {was tried a
few round later in 1-0 McShane,L-Hector,J/Malmo 2003/CBM95_01 (46)}) 13. Bc2
Bc8 14. Rfe1 Ne7 15. a4 $1 {Opening the a-file is an important part of White´s
strategy.} Ng6 16. g3 Nh5 {Jonny Hector likes piece attacks on the K, but this
sortie is a bit optimistic.} (16... Bg4 $142) 17. Qe3 $1 Bg4 18. Qg5 Qe6 $2 {
A blunder that gives White a chance to alter the material in his favour.} (
18... Nf6 $8) 19. h3 $3 {Tactics in service of strategy.} Bxf3 20. Nxf3 Nf6 (
20... Qxh3 21. Qf5 $1 {is awkward for Black.} Qxf5 22. exf5 Ne7 23. Rxe5 $14)
21. Kh2 Nd7 22. Qe3 $14 {With B against N White really is slightly better.} Ne7
23. Nd2 Kh8 24. Qe2 Rb8 25. h4 Nc8 26. Nf3 Nd6 27. axb5 axb5 28. Ra6 h6 29. Kg1
Ra8 30. Rea1 Rxa6 31. Rxa6 Rb8 32. Qd1 Qe8 33. Ra7 Rb7 34. Rxb7 Nxb7 35. Qa1
Nd6 36. Qa6 Nb6 37. Kg2 g6 38. Qa3 Nd7 39. Bb3 $1 {[%cal Yb3d5,Yd5c6] Inch by
inch, little by little Ivanchuk improves his position. Now the B threatens to
enter the fight via d5 and c6.} c4 {'?!' McShane. McShane: 'Black's weakened
pawns will not be easy to defend, but after other moves Ivanchuk could also
try to increase the pressure with Bb3-d5.'} 40. dxc4 Nxc4 41. Bxc4 bxc4 42. Qa5
{'!' McShane. McShane: 'Stopping Black reaching a safe setup with the knight
on b6.'} c5 43. Nd2 Qe6 44. Qa4 {'!' McShane. The first P is going down the
drain. Black is losing now.} (44. Qb5 {McShane} Qd6 $1 45. Nxc4 Qd3 $132) 44...
f5 (44... Nb6 {McShane} 45. Qb5 {also costs Black a pawn.}) 45. Nxc4 f4 (45...
fxe4 46. Qa8+ Kg7 47. Qxe4 $18) 46. Qa8+ Kg7 47. Qd5 Qe7 48. g4 {McShane:
'Black has no counterplay after this careful move.'} Kf8 49. Kh3 Kg7 50. f3 Kf6
51. Kg2 Kg7 52. Kf1 Kf8 53. Ke2 Ke8 54. Nd6+ Kd8 {McShane: 'Now Black loses by
force, but otherwise White wins easily by creating a queenside passed pawn.'}
55. Qa8+ Kc7 56. Nb5+ Kb6 57. c4 Nf6 58. Qb8+ Ka5 (58... Qb7 {McShane} 59. Qd8+
{is also decisive}) ({as is} 58... Kc6 {McShane} 59. Na7+) 59. Nd4 $1 {Mate in
a few moves. Impressive performance by Ivanchuk. McShane: 'A pretty finish.'}
1-0

[Event "Hoogovens"]
[Site "Wijk aan Zee"]
[Date "1997.01.18"]
[Round "1"]
[White "Short, Nigel D"]
[Black "Onischuk, Alexander"]
[Result "0-1"]
[WhiteElo "2690"]
[BlackElo "2580"]
[Annotator "Wedberg,T"]
[PlyCount "72"]
[EventDate "1997.01.18"]
[EventType "tourn"]
[EventRounds "13"]
[EventCountry "NED"]
[EventCategory "16"]
[SourceTitle "CBM 057"]
[Source "ChessBase"]
[SourceDate "1997.04.01"]
[SourceVersion "1"]
[SourceVersionDate "1997.04.01"]
[SourceQuality "1"]

1. e4 e5 2. Nf3 Nc6 3. Bb5 a6 4. Ba4 Nf6 5. O-O Bc5 6. Nxe5 Nxe5 7. d4 b5 8.
dxe5 $5 {Entering into new territory.} (8. Bb3 Bxd4 9. Qxd4 d6 10. c3 (10. f4
Nc6 (10... c5 11. Qc3 Nxe4 12. Qe1 Bb7 13. Nc3 Nxc3 14. Bxf7+ Kxf7 15. fxe5+
Kg8 16. bxc3 dxe5 17. Qxe5 Qd5 18. Qxd5+ Bxd5 $10 {Akopian,V-Malaniuk,V/Moscow/
1994/0,5/25/}) 11. Qc3 Bb7 12. e5 Ne4 13. Qe1 Nd4 14. Nc3 Nxb3 15. axb3 Nxc3
16. bxc3 O-O $13 {0-1 Garbisu,U-Onischuk,A/WchJM-U20 Halle 1995 (39)}) (10. c4
c5 11. Qd1 O-O 12. cxb5 axb5 13. Bg5 c4 14. Bc2 b4 15. Nd2 Ba6 16. Re1 Ng6 17.
Nf1 h6 18. Bd2 Rb8 $13 {Kruppa,Y-Onischuk,A/Nikolaev/1995/1|0/54/}) 10... Bb7
11. f3 c5 12. Qd1 (12. Qe3 O-O 13. Rd1 Re8 14. h3 Qc7 15. Qf2 c4 16. Bc2 d5 17.
f4 Nd3 $1 $36 {0-1 Lau,R-Onischuk,A/Vienna op 1996 (29)}) 12... O-O 13. a4 c4
14. Bc2 Qb6+ $11 {1/2-1/2 Dimitrov,V-Onischuk,A/Erevan olm 1996 (27)}) 8...
Nxe4 9. Bb3 (9. Qd5 $2 Qh4 $1 (9... Bb7 $1 10. Qxb7 c6 {/\ Ra7-+}) 10. g3 Nxg3
11. hxg3 Qxg3+ 12. Kh1 Bxf2 13. Rxf2 Qxf2 14. Qxa8 O-O $19) 9... Bb7 10. Nc3 (
10. Qg4 Qe7 11. Qxg7 O-O-O $44) 10... Qh4 $5 (10... Nxc3 11. bxc3 O-O 12. Qg4
Qe7 13. Bf4 (13. Re1 $2 d5 $15 {ץb3}) 13... Kh8 $13) 11. Bxf7+ $5 {A nice
counter. Black can take it, but then he will have to defend for a while.} (11.
Bd5 $2 Bxf2+ $19) (11. Qf3) 11... Ke7 (11... Kxf7 12. Qxd7+ Kg8 13. Qe6+ Kf8
14. Be3 (14. Qf5+ Ke7 15. Nxe4 Qxe4 16. Bg5+ Ke8 $17) 14... Re8 15. Qd7 Bb4 16.
Nd5 (16. Qxc7 $6 Bxc3 17. bxc3 Qe7 $15) 16... Bxd5 17. Qxd5 $44) 12. Be3 $1
Bxe3 13. fxe3 Nxc3 14. bxc3 Qe4 (14... Raf8 15. Rf4 $142 (15. Qh5 Qxh5 16. Bxh5
Be4 $15 (16... Ke6)) 15... Qg5 16. Bd5 $14) 15. Rf2 (15. Qf3 {Van der Wiel}
Qxf3 $1 16. gxf3 Raf8 17. Bh5 g6 18. Bg4 h5 $17) 15... Raf8 16. Qh5 Qxe3 17.
Rd1 Bc6 (17... g5 $142) 18. e6 $1 {Now its clear that Black is in a dangerous
situation. His K is threatened and the B on f7 blocks Blacks R:s from
participating in the game.} d6 (18... dxe6 $4 19. Qh4+ g5 20. Qb4+ Qc5 21.
Qxc5#) 19. Qh4+ g5 20. Qh6 Qe5 21. Rd3 Be4 (21... Z0 22. Re3 Qxe3 23. Qf6#) (
21... Rhg8 $5 {/\} 22. Re3 Qg7) (21... Kd8) 22. Re3 d5 23. g4 {/\ 24.Rf5!+-}
Rhg8 24. Rf5 $4 {Missing an easy win and giving Black the better chances.} (24.
Bxg8 $142 Rxg8 (24... Rxf2 {Van der Wiel} 25. Kxf2 Qf4+ 26. Ke2 Qxg4+ 27. Kd2
Qg2+ 28. Re2 $18) 25. Rf7+ Ke8 26. Qxh7 $18) 24... Qg7 25. Qh3 $6 (25. Qxg7
Rxg7 26. Rf2 c5 $15) 25... Bxf5 26. gxf5 Rh8 27. Qg3 Rc8 28. Re5 Rhd8 $17 29.
f6+ (29. Bh5 $142) 29... Qxf6 30. Rxg5 Qh6 31. Bh5 Rf8 32. Rg7+ Kf6 $1 $19 {
Cool defence.} 33. Rf7+ Rxf7 34. Qf2+ Kxe6 35. Qxf7+ Kd6 36. Bg4 Rd8 0-1

[Event "Linares 15th"]
[Site "Linares"]
[Date "1998.03.02"]
[Round "8"]
[White "Anand, Viswanathan"]
[Black "Shirov, Alexei"]
[Result "1/2-1/2"]
[WhiteElo "2770"]
[BlackElo "2710"]
[Annotator "Wedberg,T"]
[PlyCount "88"]
[EventDate "1998.02.22"]
[EventType "tourn"]
[EventRounds "12"]
[EventCountry "ESP"]
[EventCategory "21"]
[SourceTitle "CBM 064"]
[Source "ChessBase"]
[SourceDate "1998.06.02"]
[SourceVersion "1"]
[SourceVersionDate "1998.06.02"]
[SourceQuality "1"]

1. e4 e5 2. Nf3 Nc6 3. Bb5 a6 4. Ba4 Nf6 5. O-O b5 6. Bb3 Bc5 7. a4 Bb7 8. d3
O-O 9. Nc3 Na5 10. axb5 Nxb3 11. cxb3 axb5 12. Rxa8 Bxa8 13. Nxe5 d5 14. Bg5
Be7 15. Nxb5 dxe4 16. dxe4 Bxe4 17. Re1 $146 ({For} 17. Qxd8 {see the
anotations to the game Kasparov-Shirov/Linares/1998.}) (17. Nc3 {
Kasparov-Shirov/Linares/1998.}) 17... Qxd1 18. Rxd1 Rb8 19. Nc3 (19. Nxc7 Rxb3
20. Nc4 Bd3 $44 {Black is very active.}) 19... Bc2 20. Rc1 Bxb3 21. Nc6 Re8 22.
Nb5 Bc5 23. Bxf6 gxf6 24. Ncd4 Ba4 25. Kf1 Re5 26. Rc4 Bxb5 27. Nxb5 Bxf2 $1
28. Nxc7 Bb6 29. b4 Rf5+ {With the strong B and counterplay on the K-side
Black should be OK here.} 30. Ke1 Bf2+ 31. Ke2 Bg1 32. h3 Rf2+ 33. Kd3 Rxg2 34.
Rg4+ {Since Black always has the option to sac the B for the b-P, White cannot
allow all the P:s to be taken on the other side.} Rxg4 35. hxg4 $11 Kg7 36. Nd5
Kh6 (36... Kg6 37. Nf4+ Kg5 $4 38. Nh3+ $18) 37. Nxf6 (37. Nf4 Bb6 38. Nh3 Kg6
39. Ke4 Bd8 $11) 37... Kg5 38. Nxh7+ Kxg4 39. Nf6+ Kf5 40. Ne4 Kg4 41. Nd6 f5
42. Nxf5 Kxf5 43. b5 Ke5 44. b6 Bxb6 1/2-1/2

[Event "SWE-DEN"]
[Site "Skaenninge"]
[Date "1998.04.20"]
[Round "1"]
[White "Hansen, Sune Berg"]
[Black "Hector, Jonny"]
[Result "0-1"]
[WhiteElo "2480"]
[BlackElo "2505"]
[Annotator "Wedberg,T"]
[PlyCount "62"]
[EventDate "1998.04.20"]
[EventType "team"]
[EventRounds "2"]
[EventCountry "SWE"]
[SourceTitle "CBM 065"]
[Source "ChessBase"]
[SourceDate "1998.08.06"]
[SourceVersion "1"]
[SourceVersionDate "1998.08.06"]
[SourceQuality "1"]

{Sune Berg Hansen tries to improve on Anands play against Karpov in Lousanne,
but it comes to nothing against Jonny Hectors precise handling of the black
side. The final attack has obvious aesthetic values, actually played in a
Karpovian style with silent Q-moves on the back rank.} 1. e4 e5 2. Nf3 Nc6 3.
Bb5 a6 4. Ba4 Nf6 5. O-O Bc5 6. c3 b5 7. Bb3 d6 8. a4 Bg4 9. h3 Bxf3 (9... Bh5
10. d3 O-O (10... Rb8 11. axb5 axb5 12. Re1 h6 13. Nbd2 $14 {Almasi-Degraeve,
Pula 1997}) 11. Bg5 Rb8 12. axb5 axb5 13. Nbd2 h6 14. Be3 Nd7 15. Qe1 $14 {
1/2-1/2 Korneev,O-Gomez Esteban,J/Elgoibar 1996/EXP 57 (47)}) 10. Qxf3 O-O 11.
d3 Na5 12. Bc2 b4 13. Nd2 Rb8 14. Qe2 (14. Re1 Qd7 $11 (14... h6 $6 15. Rb1 $1
$14 {1-0 Leko,P-Garcia,G/Yopal 1997/CBM 60 (51) [Rodriguez]})) 14... Re8 15.
Nf3 bxc3 16. bxc3 Nb3 17. Bxb3 Rxb3 18. Qc2 $146 (18. d4 $5 exd4 19. cxd4 Rxf3
20. Qxf3 $6 (20. dxc5 Rc3 21. Qxa6 $14) 20... Bxd4 21. Ra2 Nxe4 $44 {1-0 Anand,
V-Karpov,A/FIDE-Wch k.o. f 1998/CBM 63/[Anand] (41)}) 18... Qb8 $1 {Black
keeps his forward post on b3. The possibility Rb2 makes it difficult for White
to develop his B.} 19. d4 (19. Nd2 Rb7 20. Rb1 $11) 19... exd4 20. cxd4 Ba7 21.
e5 {White rushes forward, but the pieces are not well positioned. It's Black
who can profit from the opening of lines and diagonals.} dxe5 22. dxe5 Nd7 23.
Qf5 Nf8 {With the K:s best friend installed on f8 Whites chances for an attack
are slim.} 24. Ng5 Re7 25. Rd1 $2 (25. Ba3 c5 26. f4 {was the only way to play
the position, but Black is better anyway} Qe8 27. Kh1 Qd7 $17 {The c-P is
strong here.}) 25... h6 26. Ne4 Ng6 27. Bf4 Rb4 28. Ra3 Qa8 $1 {Cute. Black
starts a ferocious attack with his pieces placed as far as possible from the
White K. Note that every Black man is attacking something in the white
position. The white opponents are neither attacking nor defending very much.}
29. Re1 Nh4 30. Nf6+ (30. Qh5 Rxe4 31. Rxe4 Qxe4 32. Qxh4 Qe1+ 33. Kh2 Bxf2 $19
) 30... Kf8 31. Nh7+ Ke8 (31... Ke8 32. Qg4 Rxf4 33. Qxg7 Bxf2+ 34. Kh2 Qxg2+
$1 $19) 0-1

[Event "EU-ch 4th"]
[Site "Istanbul"]
[Date "2003.06.12"]
[Round "12"]
[White "Smirin, Ilia"]
[Black "Godena, Michele"]
[Result "0-1"]
[WhiteElo "2662"]
[BlackElo "2527"]
[Annotator "Wedberg,T"]
[PlyCount "84"]
[EventDate "2003.05.30"]
[EventType "swiss"]
[EventRounds "13"]
[EventCountry "TUR"]
[SourceTitle "CBM 096"]
[Source "ChessBase"]
[SourceDate "2003.09.25"]
[SourceVersion "1"]
[SourceVersionDate "2003.09.25"]
[SourceQuality "1"]

1. e4 e5 2. Nf3 Nc6 3. Bb5 a6 4. Ba4 Nf6 5. O-O b5 6. Bb3 Bc5 7. a4 Bb7 8. Re1
$2 {[%mdl 8192] Quite a remarkable mistake.} ({Normal would be} 8. d3) 8... Ng4
$1 {This is very strong since White lacks control over d4.} 9. Re2 (9. d4 $2
Nxd4 10. Nxd4 Qh4 $1 $19) 9... Nd4 10. Nxd4 Bxd4 11. h3 h5 $5 (11... Nxf2 12.
Rxf2 Bxf2+ 13. Kxf2 Qh4+ 14. Kg1 Qxe4 15. Qf1 $13 {[%cal Yb1c3]}) 12. c3 (12.
hxg4 $2 hxg4 13. g3 Qf6 $19) (12. Nc3 Qh4 13. Qe1 Qg3 14. hxg4 hxg4 15. Re3
Qh2+ 16. Kf1 Bxe3 17. Qxe3 Qh1+ 18. Ke2 Qxg2 $15) 12... Nxf2 13. Rxf2 Bxf2+ 14.
Kxf2 Qh4+ 15. Kg1 Qxe4 16. Qf1 O-O 17. d3 Qg6 {Black has an easy game with all
his centre P:s. He just needs to get them rolling.} 18. Nd2 Rae8 19. Qe2 d5 20.
axb5 axb5 21. Ra7 Qb6+ 22. Qf2 c5 23. Rxb7 $6 {Slightly desperate. The retreat
was still playable.} (23. Ra1 $142) 23... Qxb7 24. Qxc5 Rc8 $1 25. Qf2 (25.
Qxd5 $2 Qa7+ 26. Kh2 Qa1 $19) 25... b4 26. c4 e4 $1 {[%mdl 2048] Black plays
against White´s badly developed pieces.} 27. dxe4 dxc4 28. Bxc4 b3 $1 {[%cal
Yc8c1] Setting up a nasty pin on the c-file. White would be fine if only he
could untangle.} 29. Qf1 Qc7 30. e5 Rfe8 31. e6 (31. Bxb3 Rxe5 32. Bc4 Qe7 $19)
31... Rxe6 32. Bxe6 fxe6 33. Nxb3 Qb6+ 34. Kh2 Qxb3 $19 35. Qe1 Rc2 36. Bf4 Qd5
37. Qg3 Rxb2 38. Be5 Rxg2+ 39. Qxg2 Qxe5+ 40. Kg1 Qe1+ 41. Kh2 Qe5+ 42. Kg1 h4
0-1

[Event "Malmo Masters 1st"]
[Site "Malmo"]
[Date "2003.08.04"]
[Round "7"]
[White "Berg, Emanuel"]
[Black "McShane, Luke J"]
[Result "0-1"]
[WhiteElo "2495"]
[BlackElo "2619"]
[Annotator "Wedberg,T"]
[PlyCount "138"]
[EventDate "2003.07.28"]
[EventType "tourn"]
[EventRounds "9"]
[EventCountry "SWE"]
[EventCategory "9"]
[SourceTitle "CBM 097"]
[Source "ChessBase"]
[SourceDate "2003.11.11"]
[SourceVersion "1"]
[SourceVersionDate "2003.11.11"]
[SourceQuality "1"]

1. e4 e5 2. Nf3 Nc6 3. Bb5 a6 4. Ba4 Nf6 5. O-O Bc5 6. Re1 b5 7. Bb3 d6 8. c3
Bb7 9. d4 Bb6 10. h3 h6 11. Be3 O-O 12. Nbd2 Re8 13. Qb1 Nb8 $1 {This is Jonny
Hectors favourite move and he has proven it to be a very sound choice. No plan
for White that I have seen or tried has produced much.} 14. a4 (14. Bc2 Nbd7
15. a4 d5 16. dxe5 (16. Nxe5 dxe4 17. Nxd7 Qxd7 18. axb5 axb5 19. Rxa8 Bxa8 20.
Nf1 b4 21. Nd2 bxc3 22. bxc3 Nd5 23. Qa1 Nxe3 24. fxe3 c5 25. Qa6 Qc7 26. Bb3
$13 {1/2-1/2 Wedberg-Hector/Swedish Ch 2003}) 16... Bxe3 17. Rxe3 Nxe5 18. Nxe5
dxe4 $1 $11 {1/2-1/2 Wedberg,T-Hector,J/Malmoe 2002/CBM 90/[Wedberg] (29)})
14... Nbd7 15. Qa2 Rf8 (15... Qe7 16. dxe5 dxe5 17. Bxb6 cxb6 18. a5 bxa5 19.
Qxa5 Nc5 20. Bc2 Rac8 21. Qb4 Qc7 $15 {1-0 Timman,J-Hector,J/Malmoe 2002/CBM
90 (52)}) 16. Bc2 Re8 17. Bb3 Rf8 18. dxe5 dxe5 19. Bxb6 cxb6 20. Rad1 bxa4 21.
Bxa4 Qc7 $11 {I don´t see anything special for White here.} 22. Bxd7 Nxd7 23.
Nc4 Rad8 24. Nd6 Bc6 $1 {The N is not really doing that much on d6.} 25. b4 $2
{A terrible move weakening c3.} (25. Qxa6 $4 Nc5 $19) (25. Nc4 $11) (25. Nh4
Nc5 26. Nhf5 Ba4 $1 $15) 25... Nf6 {[%csl Rc3,Rd6,Re4][%cal Yf6e4,Ye4c3] All
Black´s pieces are active. White is almost lost elready.} 26. Nc4 Rxd1 27. Rxd1
Nxe4 28. Ncxe5 Nxc3 29. Qc4 Nxd1 30. Nxc6 Qd6 $2 (30... b5 31. Qe4 Nc3 $19 {
Simple win.}) 31. Ncd4 $1 {[%csl Rd1] With Nd1 trapped White is in with a
slight chance again.} Rd8 32. Qb3 Nxf2 33. Kxf2 $15 a5 34. b5 Qc5 35. Qa4 Rd5
36. Kg1 g6 37. Kh2 Qb4 38. Qxb4 axb4 39. Kg3 b3 40. Nxb3 Rxb5 41. Nfd4 Rd5 42.
Kf4 f5 43. g4 fxg4 44. hxg4 Kf7 45. Ke4 Rg5 46. Kf4 Ke7 47. Nf3 Rd5 48. Ke4 Kd6
49. Nbd4 Rc5 50. Nh4 Rc4 $1 51. Kd3 (51. Nxg6 $2 Kc5 $19) 51... Kc5 52. Ne6+
Kd5 53. Nxg6 Rxg4 {This must be lost for White. The N:s are much too clumsy to
handle passed P:s on both flanks.} 54. Nef4+ Kd6 55. Ke4 Rg5 56. Nh4 Re5+ 57.
Kd4 b5 58. Nf3 Rf5 59. Ke4 Rc5 60. Nd3 Rc4+ 61. Kf5 b4 62. Kg6 b3 63. Kxh6 Rc3
64. Nfe1 Kd5 65. Kg5 Ke4 66. Nb2 Re3 $1 67. Nc4 Rxe1 68. Nd2+ Kd3 69. Nxb3 Kc3
0-1